| 000 | 00855nam a22001457a 4500 | ||
|---|---|---|---|
| 003 | NUST | ||
| 020 | _a9789386217646 | ||
| 082 | _a519.4,KUM | ||
| 100 |
_aK. Pundir, Sudhir _9111008 |
||
| 245 |
_aNumerical Methods in Science and Engineering / _cDr Sudhir K. Pundir |
||
| 260 |
_aIndia _bCBS Publications _c2017 |
||
| 300 | _a892 p | ||
| 505 | _aProgramming in C (Page-1), Error and Approximations (Page-93),Numerical Solution of Algebraic (Page-155), Solution of Simultaneous Linear Algebra (Page-251), Finite Difference and Interpolation (Page-299), Numerical Differentiation and Integrations (Page-423), Matrix Inversion and Eigen (Page527), Difference Equations (Page-631), Numerical Solution of Ordinary Differential (Page-669), Numerical Solution of Partial Differential Equations (Page-743), Method of Least Squares (Page-795). | ||
| 942 |
_2ddc _cBK |
||
| 999 |
_c594021 _d594021 |
||